Statistics for Faroese Alphabet

Click here to take the quiz!

General Stats

  • This quiz has been taken 33 times
  • The average score is 57 of 58

Answer Stats

Faroese Alphabet% Correct
A
100%
a
100%
Á
100%
á
100%
B
100%
b
100%
D
100%
d
100%
Ð
100%
ð
100%
E
100%
e
100%
F
100%
f
100%
í
100%
I
100%
i
100%
Í
100%
k
100%
K
100%
M
100%
m
100%
N
100%
n
100%
ø
100%
ó
100%
Ø
100%
O
100%
o
100%
Ó
100%
p
100%
P
100%
r
100%
R
100%
s
100%
S
100%
T
100%
t
100%
ú
100%
U
100%
u
100%
Ú
100%
V
100%
v
100%
ý
100%
Ý
100%
y
100%
Y
100%
G
95%
g
95%
H
95%
h
95%
j
95%
J
95%
L
95%
l
95%
Æ
75%
æ
75%

Score Distribution

Percentile by Number Answered

Percent of People with Each Score

Your Score History

You have not taken this quiz